[Event "SRB-chT2 East"]
[Site "Serbia"]
[Date "2017.09.10"]
[Round "4.1"]
[White "Djordjevic, Lazar"]
[Black "Stojanovic, Milorad"]
[Result "1-0"]
[WhiteElo "1833"]
[BlackElo "1922"]
[PlyCount "83"]
[EventDate "2017.09.08"]
[EventType "team-tourn"]
[EventRounds "11"]
[EventCountry "SRB"]
[SourceTitle "EXT 2022"]
[Source "ChessBase"]
[SourceDate "2021.10.06"]
[SourceVersion "1"]
[SourceVersionDate "2021.10.06"]
[SourceQuality "1"]

1. e4 e5 2. Nf3 Nc6 3. Bb5 a6 4. Ba4 Nf6 5. 0-0 Be7 6. Re1 b5 7. Bb3 0-0 8. h3 d6 9. c3 Na5 10. Bc2 c5 11. d4 Qc7 12. Nbd2 Nc6 13. Nf1 Bd7 14. Bb3 Na5 15. Bc2 Rfc8 16. Ne3 Bf8 17. Bd2 Nc6 18. Nd5 Nxd5 19. exd5 Ne7 20. dxe5 Nxd5 21. Ng5 h6 22. Nxf7 dxe5 23. Nxe5 Nf6 24. Bf4 Bd6 25. Nxd7 Bxf4 26. Re7 Qd6 27. Qxd6 Bxd6 28. Re6 Nxd7 29. Rxd6 Nf6 30. Rad1 Kf8 31. Bg6 Ra7 32. Re1 c4 33. Ree6 Rca8 34. Rb6 Re7 35. Rxa6 Rxa6 36. Rxa6 Re2 37. b3 cxb3 38. axb3 Rb2 39. b4 Nd5 40. Rc6 Rb3 41. Rc5 Nxc3 42. Re5 1-0

[Event "SRB-chT2 East"]
[Site "Serbia"]
[Date "2017.09.09"]
[Round "2.2"]
[White "Ostojic, Milos R"]
[Black "Stojanovic, Milorad"]
[Result "1-0"]
[WhiteElo "2071"]
[BlackElo "1922"]
[PlyCount "39"]
[EventDate "2017.09.08"]
[EventType "team-tourn"]
[EventRounds "11"]
[EventCountry "SRB"]
[SourceTitle "EXT 2022"]
[Source "ChessBase"]
[SourceDate "2021.10.06"]
[SourceVersion "1"]
[SourceVersionDate "2021.10.06"]
[SourceQuality "1"]

1. e4 e5 2. Nf3 Nc6 3. Bc4 Bc5 4. c3 Nf6 5. d3 d6 6. Bg5 Be6 7. Nbd2 0-0 8. a4 a5 9. 0-0 h6 10. Bh4 g5 11. Bg3 Nh5 12. Nxe5 Nxg3 13. Nxc6 bxc6 14. hxg3 d5 15. Ba2 f6 16. Re1 Qd7 17. Qc2 Qf7 18. Re2 f5 19. d4 Be7 20. exd5 1-0

[Event "SRB-chT2 East"]
[Site "Serbia"]
[Date "2017.09.08"]
[Round "1.2"]
[White "Tonic, Milos"]
[Black "Stojanovic, Milorad"]
[Result "1-0"]
[WhiteElo "2021"]
[BlackElo "1922"]
[PlyCount "39"]
[EventDate "2017.09.08"]
[EventType "team-tourn"]
[EventRounds "11"]
[EventCountry "SRB"]
[SourceTitle "EXT 2022"]
[Source "ChessBase"]
[SourceDate "2021.10.06"]
[SourceVersion "1"]
[SourceVersionDate "2021.10.06"]
[SourceQuality "1"]

1. c4 Nf6 2. Nc3 e6 3. Nf3 b6 4. g3 Bb7 5. Bg2 Be7 6. 0-0 0-0 7. d4 Ne4 8. Qc2 Nxc3 9. Qxc3 c5 10. Rd1 Bf6 11. Qd3 d6 12. Ng5 Bxg5 13. Bxb7 Bxc1 14. Raxc1 Nd7 15. Bxa8 Qxa8 16. dxc5 Nxc5 17. Qxd6 Ne4 18. Qd4 h6 19. f3 Nf6 20. b4 1-0

[Event "Niska Banja op"]
[Site "Niska Banja"]
[Date "2017.03.30"]
[Round "1"]
[White "Ilic, Petar"]
[Black "Stojanovic, Milorad"]
[Result "1-0"]
[WhiteElo "1405"]
[BlackElo "1999"]
[PlyCount "53"]
[EventDate "2017.03.30"]
[EventType "swiss"]
[EventRounds "5"]
[EventCountry "SRB"]
[SourceTitle "CBM 177 Extra"]
[Source "ChessBase"]
[SourceDate "2017.04.27"]
[SourceVersion "1"]
[SourceVersionDate "2017.04.27"]
[SourceQuality "1"]

1. Nf3 Nf6 2. d4 e6 3. c4 b6 4. Nc3 Bb7 5. e3 Bb4 6. Bd2 0-0 7. Bd3 c5 8. 0-0 d5 9. Qe2 cxd4 10. Nxd4 e5 11. Nb3 e4 12. Bc2 Ba6 13. Nb5 Be7 14. N3d4 Bb7 15. Nc3 dxc4 16. Qxc4 Nbd7 17. Rfd1 Rc8 18. Qe2 Bc5 19. Be1 Qe7 20. Rac1 Ne5 21. a3 a5 22. Nf5 Qe6 23. Ng3 Ned7 24. Ngxe4 Be7 25. Nxf6+ Bxf6 26. Qd3 g6 27. Qxd7 1-0

[Event "Seefeld op 17th"]
[Site "Seefeld"]
[Date "2006.09.26"]
[Round "4"]
[White "Stojanovic, Milorad"]
[Black "Brett, Digby"]
[Result "1-0"]
[WhiteElo "1690"]
[BlackElo "1855"]
[PlyCount "61"]
[EventDate "2006.09.23"]
[EventType "swiss"]
[EventRounds "9"]
[EventCountry "AUT"]
[SourceTitle "EXT 2009"]
[Source "ChessBase"]
[SourceDate "2008.11.26"]
[SourceVersion "1"]
[SourceVersionDate "2008.11.26"]
[SourceQuality "1"]

1. e4 c5 2. Nf3 d6 3. d4 cxd4 4. Qxd4 Nc6 5. Bb5 Bd7 6. Bxc6 Bxc6 7. Nc3 Nf6 8. Bg5 e6 9. 0-0 Be7 10. e5 Bxf3 11. gxf3 dxe5 12. Qxe5 0-0 13. Rad1 Nd7 14. Qb5 Bxg5 15. Rxd7 Qf6 16. Ne4 Qg6 17. Qxg5 Qxg5+ 18. Nxg5 h6 19. Ne4 b6 20. Rfd1 Kh7 21. Rb7 Rac8 22. c3 Rfd8 23. Rdd7 Rxd7 24. Rxd7 Kg6 25. Rxa7 Rd8 26. Rb7 f5 27. Rxb6 fxe4 28. Rxe6+ Kf5 29. Rxe4 Rd1+ 30. Kg2 Rd2 31. Rb4 1-0

[Event "Seefeld op 15th"]
[Site "Seefeld"]
[Date "2004.09.24"]
[Round "7"]
[White "Russ, Colin"]
[Black "Stojanovic, Milorad"]
[Result "1-0"]
[WhiteElo "1980"]
[BlackElo "1700"]
[PlyCount "70"]
[EventDate "2004.09.18"]
[EventType "swiss"]
[EventRounds "9"]
[EventCountry "AUT"]
[SourceTitle "EXT 2005"]
[Source "ChessBase"]
[SourceDate "2004.11.15"]
[SourceVersion "1"]
[SourceVersionDate "2004.11.15"]
[SourceQuality "1"]

1. Nf3 Nf6 2. d4 d5 3. c4 Nc6 4. Nc3 Bg4 5. e3 e5 6. Qb3 Bxf3 7. gxf3 exd4 8. Nxd5 Nxd5 9. cxd5 Nb4 10. a3 Nxd5 11. Bc4 c6 12. e4 Qe7 13. Bxd5 cxd5 14. Qa4+ Qd7 15. Qxd4 Rd8 16. e5 b6 17. 0-0 Qf5 18. Kg2 Bc5 19. Qa4+ Rd7 20. Bf4 0-0 21. b4 Bd4 22. Rad1 Qxf4 23. Qxd7 Bxe5 24. Rh1 d4 25. Qxa7 Bc7 26. Qb7 f5 27. Qd5+ Kh8 28. Qxd4 Qg5+ 29. Kf1 Qh5 30. Rg1 Qh3+ 31. Rg2 Rg8 32. Re1 h6 33. Re7 Bxh2 34. Rexg7 Be5 35. Rxg8+ Kh7 1-0

[Event "Seefeld op 15th"]
[Site "Seefeld"]
[Date "2004.09.23"]
[Round "6"]
[White "Stojanovic, Milorad"]
[Black "Stock, Juergen"]
[Result "0-1"]
[WhiteElo "1700"]
[BlackElo "2034"]
[PlyCount "129"]
[EventDate "2004.09.18"]
[EventType "swiss"]
[EventRounds "9"]
[EventCountry "AUT"]
[SourceTitle "EXT 2005"]
[Source "ChessBase"]
[SourceDate "2004.11.15"]
[SourceVersion "1"]
[SourceVersionDate "2004.11.15"]
[SourceQuality "1"]

1. e4 e6 2. d4 d5 3. exd5 exd5 4. Nf3 Bd6 5. Nc3 c6 6. Bg5 f6 7. Bh4 Ne7 8. Bd3 0-0 9. Qd2 Bf5 10. Bxf5 Nxf5 11. 0-0 Nxh4 12. Nxh4 Qc7 13. g3 f5 14. Rfe1 f4 15. Qe2 fxg3 16. Qe6+ Kh8 17. fxg3 Nd7 18. Rf1 Rf6 19. Rxf6 Nxf6 20. Rf1 Re8 21. Qh3 Kg8 22. Nf5 Bf8 23. Rf4 g6 24. Nh6+ Bxh6 25. Qxh6 Qe7 26. Qg5 Qe3+ 27. Kg2 Qd2+ 28. Kh3 Rf8 29. Qe5 Kg7 30. Na4 b6 31. Qc7+ Rf7 32. Qxc6 g5 33. Rxf6 Rxf6 34. Qxd5 h5 35. Qe5 Kf7 36. Qd5+ Kg7 37. Qe5 Kg6 38. Qe8+ Rf7 39. Qg8+ Rg7 40. Qe8+ Kf6 41. Qf8+ Rf7 42. Qh8+ Ke7 43. Nc3 g4+ 44. Kh4 Qxh2+ 45. Kg5 Qd2+ 46. Kh4 Qh2+ 47. Kg5 Qf2 48. Nd5+ Kd7 49. Qe5 Kc8 50. c4 Kb7 51. Kg6 Rd7 52. Kxh5 b5 53. Qe6 Qh2+ 54. Kg5 Rg7+ 55. Kf5 Qc2+ 56. Kf4 Qf2+ 57. Ke4 Qf3+ 58. Ke5 Qxg3+ 59. Kf5 Qd3+ 60. Ke5 bxc4 61. Qf6 Qg6 62. Qf8 Qg5+ 63. Kd6 g3 64. Qf3 Qd8+ 65. Kc5 0-1

[Event "Seefeld op 15th"]
[Site "Seefeld"]
[Date "2004.09.21"]
[Round "4"]
[White "Stojanovic, Milorad"]
[Black "Fischer, Gerd1111"]
[Result "1/2-1/2"]
[WhiteElo "1700"]
[BlackElo "2094"]
[PlyCount "54"]
[EventDate "2004.09.18"]
[EventType "swiss"]
[EventRounds "9"]
[EventCountry "AUT"]
[SourceTitle "EXT 2005"]
[Source "ChessBase"]
[SourceDate "2004.11.15"]
[SourceVersion "1"]
[SourceVersionDate "2004.11.15"]
[SourceQuality "1"]

1. e4 e6 2. Nc3 d5 3. d4 Nf6 4. e5 Nfd7 5. Nf3 c5 6. Bb5 Nc6 7. Bf4 Qb6 8. dxc5 Bxc5 9. 0-0 a6 10. Bxc6 bxc6 11. b3 Be7 12. Na4 Qc7 13. Qe2 0-0 14. c4 Nb6 15. cxd5 Nxd5 16. Bg3 c5 17. Rac1 Bd7 18. Qe4 Qa5 19. Bh4 Bxa4 20. Bxe7 Nxe7 21. Ng5 Ng6 22. bxa4 Rab8 23. a3 Rbd8 24. Rc4 Qd2 25. Nf3 Qd5 26. Qc2 Nxe5 27. Nxe5 Qxe5 1/2-1/2

[Event "Seefeld op 15th"]
[Site "Seefeld"]
[Date "2004.09.20"]
[Round "3"]
[White "Sucher, Johannes"]
[Black "Stojanovic, Milorad"]
[Result "1-0"]
[WhiteElo "2197"]
[BlackElo "1700"]
[PlyCount "83"]
[EventDate "2004.09.18"]
[EventType "swiss"]
[EventRounds "9"]
[EventCountry "AUT"]
[SourceTitle "EXT 2005"]
[Source "ChessBase"]
[SourceDate "2004.11.15"]
[SourceVersion "1"]
[SourceVersionDate "2004.11.15"]
[SourceQuality "1"]

1. d4 d5 2. Bg5 Nc6 3. f4 Bf5 4. Nf3 h6 5. Bh4 Nf6 6. e3 e6 7. c3 Be7 8. Bb5 Ne4 9. Bxe7 Qxe7 10. Nbd2 a6 11. Bxc6+ bxc6 12. Nxe4 Bxe4 13. Qa4 0-0 14. Qxc6 Rab8 15. b4 Bd3 16. Qa4 f6 17. Qd1 Bc4 18. Nd2 Bd3 19. Nb3 Bc4 20. Na5 Bb5 21. a4 Bd7 22. 0-0 Rb6 23. Nb3 Rd8 24. Nc5 Be8 25. Qd3 Ra8 26. Rfb1 Qd6 27. c4 e5 28. dxe5 fxe5 29. a5 dxc4 30. Qxc4+ Bf7 31. Qe4 Rbb8 32. Rd1 Qf8 33. fxe5 Qe8 34. e6 Bg6 35. Qe5 Rxb4 36. Rd7 Qf8 37. Rf1 Rb1 38. Rxb1 Bxb1 39. Rf7 Re8 40. Rxf8+ Kxf8 41. Qf4+ Ke7 42. Qxc7+ 1-0

[Event "Seefeld op 14th"]
[Site "Seefeld"]
[Date "2003.09.21"]
[Round "9"]
[White "Stojanovic, Milorad"]
[Black "Ostermeier, Ralf"]
[Result "0-1"]
[WhiteElo "1900"]
[BlackElo "2134"]
[PlyCount "136"]
[EventDate "2003.09.13"]
[EventType "swiss"]
[EventRounds "9"]
[EventCountry "AUT"]
[SourceTitle "CBM 097 Extra"]
[Source "ChessBase"]
[SourceDate "2004.01.13"]
[SourceVersion "1"]
[SourceVersionDate "2004.01.13"]
[SourceQuality "1"]

1. e4 c6 2. Nc3 d5 3. exd5 cxd5 4. Bb5+ Nc6 5. Qf3 Nf6 6. d4 e6 7. Nh3 Qb6 8. Nf4 a6 9. Ba4 Bd7 10. Qd3 Qxd4 11. Bxc6 Qe5+ 12. Qe3 Qxe3+ 13. Bxe3 Bxc6 14. Bd4 Bd6 15. Nd3 Nd7 16. 0-0-0 0-0 17. f4 b5 18. g4 b4 19. Ne2 Bb5 20. h4 Rfc8 21. h5 Rc6 22. g5 Rac8 23. c3 bxc3 24. Bxc3 Bxd3 25. Rxd3 Nc5 26. Rdh3 Ne4 27. Rf1 Bb4 28. Kc2 Rc4 29. a3 Bd6 30. Kd3 Nxc3 31. bxc3 Bxa3 32. Rb1 Bd6 33. Rf3 a5 34. Rb6 R4c6 35. Rxc6 Rxc6 36. Kc2 a4 37. f5 e5 38. Rf1 Be7 39. Rb1 Rc8 40. g6 hxg6 41. hxg6 fxg6 42. fxg6 a3 43. Rb7 Kf8 44. Kb3 Ra8 45. Ka2 Ke8 46. Ng3 Bf6 47. Nf5 e4 48. Rf7 Ra6 49. Nxg7+ Bxg7 50. Rxg7 e3 51. Rg8+ Ke7 52. g7 Rg6 53. Rh8 e2 54. Rh1 Rxg7 55. Kxa3 Kd6 56. Kb2 Re7 57. Re1 Kc5 58. Kb3 Re4 59. Kc2 Kc4 60. Kd2 Re8 61. Kc2 Ra8 62. Rh1 Ra2+ 63. Kb1 Rd2 64. Kc1 Kxc3 65. Rh3+ Rd3 66. Rh1 Rd1+ 67. Rxd1 exd1Q+ 68. Kxd1 Kd3 0-1

[Event "Seefeld op 14th"]
[Site "Seefeld"]
[Date "2003.09.19"]
[Round "7"]
[White "Stojanovic, Milorad"]
[Black "Aufmwasser, Guenter"]
[Result "1-0"]
[WhiteElo "1900"]
[BlackElo "1695"]
[PlyCount "102"]
[EventDate "2003.09.13"]
[EventType "swiss"]
[EventRounds "9"]
[EventCountry "AUT"]
[SourceTitle "CBM 097 Extra"]
[Source "ChessBase"]
[SourceDate "2004.01.13"]
[SourceVersion "1"]
[SourceVersionDate "2004.01.13"]
[SourceQuality "1"]

1. e4 e5 2. f4 d5 3. exd5 c6 4. d4 e4 5. dxc6 Nxc6 6. Bb5 Nf6 7. Ne2 Bd7 8. b3 a6 9. Bxc6 Bxc6 10. c4 Bb4+ 11. Bd2 Bxd2+ 12. Qxd2 Qe7 13. 0-0 Ng4 14. Ng3 e3 15. Qe2 Nxh2 16. Nf5 Qf6 17. Qxe3+ Kf8 18. Kxh2 Qxf5 19. d5 Bd7 20. Nd2 Re8 21. Qf3 Qg6 22. Rae1 f5 23. Re5 Rxe5 24. fxe5 Qh6+ 25. Qh3 Qxd2 26. e6 Bxe6 27. dxe6 Qd6+ 28. Kh1 g6 29. Qh6+ Kg8 30. Re1 Qe7 31. Qf4 Kg7 32. Qe5+ Qf6 33. Qc7+ Kh6 34. Re3 g5 35. Qxb7 g4 36. e7 f4 37. e8Q Rxe8 38. Rxe8 Qa1+ 39. Kh2 g3+ 40. Kh3 Qh1+ 41. Kg4 Qh5+ 42. Kxf4 Qg5+ 43. Kf3 Qf5+ 44. Kxg3 Qg6+ 45. Kf2 Qxe8 46. Qxa6+ Kg7 47. Qb7+ Kh6 48. Qf3 Qd8 49. Qh3+ Kg5 50. Kg1 h5 51. Qe3+ Kh4 1-0

[Event "Seefeld op 13th"]
[Site "Seefeld"]
[Date "2002.09.14"]
[Round "1"]
[White "Ewald, Alexander"]
[Black "Stojanovic, Milorad"]
[Result "1-0"]
[WhiteElo "2140"]
[BlackElo "1650"]
[PlyCount "101"]
[EventDate "2002.09.14"]
[EventType "swiss"]
[EventRounds "9"]
[EventCountry "AUT"]
[SourceTitle "EXT 2007"]
[Source "ChessBase"]
[SourceDate "2006.11.23"]
[SourceVersion "1"]
[SourceVersionDate "2006.11.23"]
[SourceQuality "1"]

1. d4 d5 2. c4 e6 3. Nc3 Bb4 4. Nf3 Nc6 5. Bf4 Nf6 6. e3 Ne4 7. Qc2 Bd7 8. Bd3 f5 9. 0-0 Bxc3 10. bxc3 0-0 11. cxd5 exd5 12. Rab1 b6 13. c4 Be6 14. Rfc1 g5 15. Bxe4 gxf4 16. Bxd5 Bxd5 17. cxd5 Ne7 18. e4 Rc8 19. Ng5 Qd6 20. Rb3 c5 21. dxc5 Rxc5 22. Rc3 Rfc8 23. Qb3 Rxc3 24. Rxc3 Rxc3 25. Qxc3 Qc5 26. Qxc5 bxc5 27. d6 Nc6 28. exf5 Kg7 29. Ne6+ Kf6 30. Nxc5 Kxf5 31. d7 Nd8 32. Kf1 Ke5 33. Ke2 Kd6 34. Nd3 Kxd7 35. Kf3 Ne6 36. Nxf4 Ng5+ 37. Ke3 Kd6 38. Kd4 Nf7 39. h4 Ne5 40. h5 a5 41. Nd3 Ng4 42. f3 Nf6 43. g4 h6 44. Ne5 Ke6 45. Nc4 a4 46. Nb6 Nh7 47. Nxa4 Ng5 48. Nc5+ Ke7 49. f4 Nf3+ 50. Ke3 Nh4 51. Kf2 1-0

[Event "Seefeld op 12th"]
[Site "Seefeld"]
[Date "2001.09.16"]
[Round "2"]
[White "Stojanovic, Milorad"]
[Black "Mueller, Georg"]
[Result "0-1"]
[WhiteElo "1695"]
[BlackElo "2035"]
[PlyCount "90"]
[EventDate "2001.09.15"]
[EventType "swiss"]
[EventRounds "9"]
[EventCountry "AUT"]
[SourceTitle "EXT 2002"]
[Source "ChessBase"]
[SourceDate "2001.11.25"]
[SourceVersion "1"]
[SourceVersionDate "2001.11.25"]
[SourceQuality "1"]

1. e4 e5 2. Bc4 Nf6 3. Nc3 Bc5 4. Nf3 Nc6 5. 0-0 0-0 6. b3 d6 7. Bb2 Bg4 8. Be2 a6 9. a4 Qd7 10. d3 Nh5 11. d4 exd4 12. Nxd4 Bxe2 13. Ncxe2 Nf6 14. Nxc6 Qxc6 15. Bxf6 gxf6 16. Ng3 Kh8 17. Qf3 Bd4 18. c3 Qxc3 19. Qxc3 Bxc3 20. Rac1 Ba5 21. Nh5 Rfe8 22. b4 Re5 23. Nxf6 Bxb4 24. Rxc7 Kg7 25. Rxb7 a5 26. f4 Rc5 27. e5 Rc4 28. g4 Rc2 29. Nh5+ Kf8 30. Nf6 Kg7 31. Ne4 d5 32. Ng5 Bc5+ 33. Kh1 d4 34. Rxf7+ Kg8 35. Rd7 Rb8 36. e6 Re2 37. f5 h6 38. Nf3 Kf8 39. g5 hxg5 40. Nxg5 Rbb2 41. Nh7+ Kg8 42. Nf6+ Kf8 43. Ng4 Rg2 44. Rc1 Rxg4 45. Rxc5 Rb1+ 0-1

[Event "Seefeld op 11th"]
[Site "Seefeld"]
[Date "2000.09.19"]
[Round "4"]
[White "Stojanovic, Milorad"]
[Black "Ramroth, Stefan"]
[Result "0-1"]
[WhiteElo "1700"]
[BlackElo "1972"]
[PlyCount "76"]
[EventDate "2000.09.16"]
[EventType "swiss"]
[EventRounds "9"]
[EventCountry "AUT"]
[SourceTitle "EXT 2001"]
[Source "ChessBase"]
[SourceDate "2000.11.22"]
[SourceVersion "1"]
[SourceVersionDate "2000.11.22"]
[SourceQuality "1"]

1. e4 c5 2. Nf3 Nc6 3. Bb5 g6 4. c3 Bg7 5. 0-0 a6 6. Bxc6 bxc6 7. d4 cxd4 8. cxd4 Nf6 9. Nc3 0-0 10. Bg5 h6 11. Bh4 g5 12. Bg3 Nh5 13. Nxg5 Nxg3 14. fxg3 hxg5 15. e5 d6 16. Qh5 f6 17. h4 dxe5 18. dxe5 Qd4+ 19. Kh2 Qg4 20. Qg6 gxh4 21. Qxg4 Bxg4 22. gxh4 Rab8 23. b3 Rbd8 24. Rac1 f5 25. Rfe1 Bh6 26. Rc2 Rd2 27. Rec1 Rxc2 28. Rxc2 Bf4+ 29. g3 Bxe5 30. Ne2 Rd8 31. Nf4 Rd6 32. Kg2 Kf7 33. Nh3 Bxh3+ 34. Kxh3 Rd3 35. h5 Rxg3+ 36. Kh4 f4 37. h6 Bf6+ 38. Kh5 Rg5+ 0-1

[Event "Seefeld op 11th"]
[Site "Seefeld"]
[Date "2000.09.17"]
[Round "2"]
[White "Stojanovic, Milorad"]
[Black "Frank, Albert"]
[Result "0-1"]
[WhiteElo "1700"]
[BlackElo "2014"]
[PlyCount "70"]
[EventDate "2000.09.16"]
[EventType "swiss"]
[EventRounds "9"]
[EventCountry "AUT"]
[SourceTitle "EXT 2001"]
[Source "ChessBase"]
[SourceDate "2000.11.22"]
[SourceVersion "1"]
[SourceVersionDate "2000.11.22"]
[SourceQuality "1"]

1. e4 c5 2. Nf3 d6 3. b3 Nc6 4. Bb2 Nf6 5. Nc3 e5 6. Bc4 Be7 7. 0-0 0-0 8. Re1 Bg4 9. Nd5 Kh8 10. h3 Be6 11. d3 Bxd5 12. Bxd5 Nxd5 13. exd5 Nb4 14. c4 Na6 15. Nh2 f5 16. Qf3 Nc7 17. Qe2 Bf6 18. Rab1 b5 19. Qf3 Qd7 20. Kh1 a5 21. g4 fxg4 22. Nxg4 Bh4 23. Qg2 h5 24. Nxe5 dxe5 25. Rxe5 Rxf2 26. Rxh5+ Kg8 27. Qg4 Qxg4 28. hxg4 Bf6 29. Bxf6 gxf6 30. d6 Ne6 31. Re1 Kf7 32. Rh7+ Kg6 33. Rb7 Nf4 34. Re3 Rh8+ 35. Kg1 Rg2+ 0-1

[Event "Seefeld op 10th"]
[Site "Seefeld"]
[Date "1999.09.19"]
[Round "9"]
[White "Stojanovic, Milorad"]
[Black "Russ, Colin"]
[Result "0-1"]
[WhiteElo "1650"]
[BlackElo "2005"]
[PlyCount "92"]
[EventDate "1999.09.11"]
[EventType "swiss"]
[EventRounds "9"]
[EventCountry "AUT"]
[SourceTitle "EXT 2001"]
[Source "ChessBase"]
[SourceDate "2000.11.22"]
[SourceVersion "1"]
[SourceVersionDate "2000.11.22"]
[SourceQuality "1"]

1. e4 c6 2. Nf3 d5 3. Bd3 dxe4 4. Bxe4 Nf6 5. Nc3 Bg4 6. b3 Nbd7 7. d4 e6 8. Bb2 Bb4 9. Qd3 Nxe4 10. Qxe4 Nf6 11. Qd3 Bf5 12. Qc4 Nd5 13. 0-0-0 Qa5 14. Na4 0-0 15. a3 Bd6 16. Ne5 Bxe5 17. dxe5 b5 18. Qc5 Qd8 19. Nc3 Qg5+ 20. Kb1 Qg6 21. Ne2 Qxg2 22. h4 Qf3 23. Ng3 Rfd8 24. Rdg1 Nb6 25. Nxf5 Qxf5 26. Rg5 Qf3 27. Rgg1 Rd5 28. Qe7 Rd7 29. Qg5 g6 30. h5 Rad8 31. hxg6 fxg6 32. Ka2 Qf7 33. f4 Rf8 34. Rf1 Qf5 35. Qg2 Rfd8 36. Qxc6 Rd5 37. Rfg1 Rc8 38. Qb7 Rd7 39. Qa6 Rxc2 40. Qxb5 Qd3 41. Qb4 Qe2 42. Rb1 Rdd2 43. Ka1 Rxb2 44. Rxb2 Rxb2 45. Qc3 Rc2 46. Re1 Qf2 0-1

[Event "Seefeld op 10th"]
[Site "Seefeld"]
[Date "1999.09.15"]
[Round "5"]
[White "Stojanovic, Milorad"]
[Black "Wiesbeck, Florian"]
[Result "1-0"]
[WhiteElo "1650"]
[BlackElo "1820"]
[PlyCount "57"]
[EventDate "1999.09.11"]
[EventType "swiss"]
[EventRounds "9"]
[EventCountry "AUT"]
[SourceTitle "EXT 2001"]
[Source "ChessBase"]
[SourceDate "2000.11.22"]
[SourceVersion "1"]
[SourceVersionDate "2000.11.22"]
[SourceQuality "1"]

1. e4 c5 2. Bc4 e6 3. Nc3 Nc6 4. Nf3 a6 5. a4 Qc7 6. 0-0 Nf6 7. d4 cxd4 8. Nxd4 Nxd4 9. Qxd4 Bc5 10. Qd3 Ng4 11. g3 d6 12. Bf4 0-0 13. Rad1 Qb6 14. Rd2 Rd8 15. h3 Nf6 16. e5 Ne8 17. exd6 Bxd6 18. Rfd1 Be7 19. Qxd8 Bxd8 20. Rxd8 h5 21. Rxe8+ Kh7 22. Rdd8 Qc6 23. Bd3+ f5 24. Rh8+ Kg6 25. g4 hxg4 26. hxg4 b6 27. gxf5+ Kf6 28. Rhf8+ Ke7 29. Bg5# 1-0

[Event "Seefeld op 10th"]
[Site "Seefeld"]
[Date "1999.09.13"]
[Round "3"]
[White "Stojanovic, Milorad"]
[Black "Igney, Volkhard"]
[Result "0-1"]
[WhiteElo "1650"]
[BlackElo "2165"]
[PlyCount "80"]
[EventDate "1999.09.11"]
[EventType "swiss"]
[EventRounds "9"]
[EventCountry "AUT"]
[SourceTitle "EXT 2001"]
[Source "ChessBase"]
[SourceDate "2000.11.22"]
[SourceVersion "1"]
[SourceVersionDate "2000.11.22"]
[SourceQuality "1"]

1. e4 c6 2. Bc4 d5 3. exd5 cxd5 4. Bb3 Nf6 5. d4 Bg4 6. Nf3 Nc6 7. c3 e6 8. 0-0 Bd6 9. Bg5 Qc7 10. Qd3 Ne4 11. Nbd2 Nxg5 12. Nxg5 Bxh2+ 13. Kh1 Bd6 14. Rae1 0-0-0 15. Ngf3 Kb8 16. c4 Nb4 17. Qc3 dxc4 18. Nxc4 Nd5 19. Qd3 Bf5 20. Qd1 Bb4 21. Re2 Nb6 22. Nfe5 Nxc4 23. Nxc4 Qf4 24. Ne5 Rxd4 25. Qc1 Qh4+ 26. Kg1 Bd6 27. g3 Qh5 28. Bd1 Bxe5 29. Rxe5 Qg6 30. Rc5 Qf6 31. Rc7 Be4 32. Be2 Rhd8 33. Qc5 Qh6 34. f3 Qe3+ 35. Rf2 Bc6 36. Qe7 Qe5 37. Rxc6 Qxg3+ 38. Kf1 bxc6 39. Ba6 Rd1+ 40. Ke2 Qe5# 0-1